Omar bin Abdul Aziz; the greatest reformer of Islam. (Record no. 84341)

MARC details
000 -LEADER
fixed length control field 00570cam a22002171 4500
001 - CONTROL NUMBER
control field sa 68012158
003 - CONTROL NUMBER IDENTIFIER
control field DLC
005 - DATE AND TIME OF LATEST TRANSACTION
control field 20260227112607.0
008 - FIXED-LENGTH DATA ELEMENTS--GENERAL INFORMATION
fixed length control field 711115s1968 pk 000 0 eng
010 ## - LIBRARY OF CONGRESS CONTROL NUMBER
LC control number sa 68012158
025 ## - OVERSEAS ACQUISITION NUMBER
Overseas acquisition number PL480:P-E-1444
040 ## - CATALOGING SOURCE
Original cataloging agency DLC
Transcribing agency DLC
Modifying agency DLC
050 00 - LIBRARY OF CONGRESS CALL NUMBER
Classification number DS238.U4
Item number A6
082 00 - DEWEY DECIMAL CLASSIFICATION NUMBER
Classification number 956
100 1# - MAIN ENTRY--PERSONAL NAME
Personal name Ahmad, Fazl.
245 00 - TITLE STATEMENT
Title Omar bin Abdul Aziz; the greatest reformer of Islam.
260 ## - PUBLICATION, DISTRIBUTION, ETC.
Place of publication, distribution, etc. Lahore,
Name of publisher, distributor, etc. Quami Kutub Khana
Date of publication, distribution, etc. [1968]
300 ## - PHYSICAL DESCRIPTION
Extent viii, 160 p.
Dimensions 19 cm.
350 ## - PRICE (NR) (BK AM CF MU VM SE) [OBSOLETE]
Price Rs4.00
600 00 - SUBJECT ADDED ENTRY--PERSONAL NAME
Personal name ʻUmar
Numeration II,
Titles and other words associated with a name Caliph,
Dates associated with a name -720.

No items available.

Powered by Koha